logo

Bir Sreshtho Munshi Abdur Rouf Library
Jhenaidah Cadet College

Asia-Pacific security dynamics in the Obama era : (Record no. 12520)

MARC details
000 -LEADER
fixed length control field 01363nam a2200373 a 4500
001 - CONTROL NUMBER
JCCL Control Number 12520
003 - CONTROL NUMBER IDENTIFIER
JCCL marc code BD-JhCC
005 - DATE AND TIME OF LATEST TRANSACTION
control field 20220612130608.0
008 - FIXED-LENGTH DATA ELEMENTS--GENERAL INFORMATION
fixed length control field 220611s2011 enka b 001 0 eng
020 ## - INTERNATIONAL STANDARD BOOK NUMBER
International Standard Book Number 9780415670548 (hardback)
020 ## - INTERNATIONAL STANDARD BOOK NUMBER
International Standard Book Number 9780203808818 (ebook)
035 ## - SYSTEM CONTROL NUMBER
system control number (BD-JhCC)12520
040 ## - CATALOGING SOURCE
Original cataloging agency DLC
Transcribing agency DLC
Modifying agency BD-JhCC
041 ## - LANGUAGE CODE
Language code of Book eng
050 00 - LIBRARY OF CONGRESS CALL NUMBER
Classification number JZ6009.A75
Item number A45 2012
082 00 - DEWEY DECIMAL CLASSIFICATION NUMBER
Classification number 355/.03305
DDC Edition number 22
Author mark and Year ALI 2011
100 1# - MAIN ENTRY--PERSONAL NAME
Personal name Ali, S. Mahmud,
Dates associated with a name 1952-
245 10 - TITLE STATEMENT
Title Asia-Pacific security dynamics in the Obama era :
Remainder of title a new world emerging /
Statement of responsibility, etc S. Mahmud Ali.
260 ## - PUBLICATION, DISTRIBUTION, ETC. (IMPRINT)
Place of publication, distribution, etc Milton Park, Abingdon, Oxon, [England] ;
-- New York :
Name of publisher, distributor, etc Routledge,
Date of publication, distribution, etc c2011.
300 ## - PHYSICAL DESCRIPTION
Pagination xvii, 217 p. :
Other physical details map ;
Dimensions 24 cm.
490 0# - SERIES STATEMENT
Series statement Politics in Asia ;
Volume number/sequential designation 82
504 ## - BIBLIOGRAPHY, ETC. NOTE
Bibliography, etc Includes bibliographical references and index.
650 #0 - SUBJECT ADDED ENTRY--TOPICAL TERM
Topical term or geographic name as entry element Security, International
Geographic subdivision Asia.
650 #0 - SUBJECT ADDED ENTRY--TOPICAL TERM
Topical term or geographic name as entry element Security, International
Geographic subdivision Pacific Area.
650 #0 - SUBJECT ADDED ENTRY--TOPICAL TERM
Topical term or geographic name as entry element National security
Geographic subdivision Asia.
650 #0 - SUBJECT ADDED ENTRY--TOPICAL TERM
Topical term or geographic name as entry element National security
Geographic subdivision Pacific Area.
651 #0 - SUBJECT ADDED ENTRY--GEOGRAPHIC NAME
Geographic name Asia
General subdivision Politics and government
Chronological subdivision 1945-
651 #0 - SUBJECT ADDED ENTRY--GEOGRAPHIC NAME
Geographic name Pacific Area
General subdivision Politics and government.
651 #0 - SUBJECT ADDED ENTRY--GEOGRAPHIC NAME
Geographic name United States
General subdivision Foreign relations
Geographic subdivision Asia.
651 #0 - SUBJECT ADDED ENTRY--GEOGRAPHIC NAME
Geographic name United States
General subdivision Foreign relations
Geographic subdivision Pacific Area.
651 #0 - SUBJECT ADDED ENTRY--GEOGRAPHIC NAME
Geographic name Asia
General subdivision Foreign relations
Geographic subdivision United States.
651 #0 - SUBJECT ADDED ENTRY--GEOGRAPHIC NAME
Geographic name Pacific Area
General subdivision Foreign relations
Geographic subdivision United States.
942 ## - ADDED ENTRY ELEMENTS (KOHA)
Source of classification or shelving scheme Dewey Decimal Classification
Koha item type Books
Holdings
Source of classification or shelving scheme Damaged status Not for loan Home library Current library Shelving location Date of accession Total Checkouts Full call number Barcode Date last seen Copy number Koha item type
Dewey Decimal Classification     JCC Rouf Library JCC Rouf Library General Stacks 06/12/2022   355/.03305 ALI 2011 17371 06/13/2022 C-1 Books

JCC Library | Contacts | JCC Home

Last Update on 23 September 2017
Copyright @ 2017-2020 JCC Rouf Library
Rouf Library, Jhenidah Cadet College (JCC), Bangladesh